000 005310000a22001810004500
090 _aAR
_b01336
245 1 0 _aAcerca del uso del tebuthuron en una fase piloto
650 1 4 _aHerbicidas
_913173
650 1 4 _aToxixología
_994627
650 1 4 _aErradicación de cultivos ilícitos
_994628
650 1 4 _aPolítica nacional
_994629
651 4 _pColombia
_992749
041 0 _aEspañol
700 1 _aMedina, Claudia Alejandra
_992886
100 1 _aHoffman, Forrest M.
_992960
942 _cARTICULO
773 1 _tPreprint
_33
_q1-12
_d1998
999 _c10421
_d10421